000 00563nam a22001932 4500
001 0000008752
005 20151217155835.0
008 080527s xx 000 0 eng d
020 _cKES
040 _aKABU
_cKABU
100 1 _aHill, M. F.
_@0000151092
245 1 0 _aMagadi :
_bthe story of the Magadi Soda Company /
_cM. F. Hill.
260 _aBirmingham :
_bThe Kynoch Press,
_c1964.
300 _ax, 199 p.
650 0 _aMagadi Soda Company.
_@0000159455
908 _a080527
950 _@1
999 _c13121
_d13121